000 00547nam a2200181Ia 4500
008 100920s9999 xx 000 0 und d
082 _b94391
_a4 न 05
100 _aSHARMA ROBIN.
245 _aWHO WILL CRY LIFE LESSONS FROM WHEN YOU DIE.
260 _bJACIO PUBLISHING HOUSE.
_c2005
300 _a225
_bसाधी
365 _b60
520 _aई. एल.डी.
630 _aWHO WILL CRY LIFE LESSONS FROM WHEN YOU DIE.
650 _aई. एल.डी.
730 _aWHO WILL CRY LIFE LESSONS FROM WHEN YOU DIE.
942 _cBOOK
999 _c734834
_d734831